Aspectos legales del negocio inmobiliario de bienes futuros (Registro nro. 25257)

Detalles MARC
000 -Cabecera
Campo de control interno 00478nam a2200181Ia 4500
005 - Fecha y hora del registro
control field 20260414151137.0
008 - Elementos de Longitud Fija
fixed length control field 260414t2022||||xx |||||||||||||| ||spa||
041 ## - Idioma
Codigo Idioma ESP
082 ## - DEWEY y NOTACIÓN INTERNA
Dewey 346.43
Notación Interna B47
100 ## - AUTOR
Autor denominación Betancourt Kanashiro, Christian Rubén
Término de relación autor
245 #0 - TÍTULO DE MATERIAL BIBLIOGRÁFICO
Título Aspectos legales del negocio inmobiliario de bienes futuros
Título paralelo
260 ## - CIUDAD, EDITORIAL, AÑO
Año 2022
300 ## - DESCRIPCIÓN
N° Páginas 207 páginas :
Dimensiones 24 cm.
650 ## - TEMAS
Temas Derecho
654 ## - PROGRAMAS
Programa Dpto. de Derecho y Ciencia Política
942 ## - ELEMENTOS DE KOHA
Tipo de documento Libro
Nombre del creador Justo Noguera
Código de catalogador Justo Noguera
Esquema de clasificación Dewey Decimal Classification
Suppress in OPAC
Existencias
Codigo completo Registro Colección Copia número Disponibilidad Tipo de préstamo Biblioteca Actual Procedencia (Biblioteca) Ubicacón Fecha Ingreso Tipo de Adquisición Date last seen Total checkouts Price effective from Tipo de Item Estado del Material Damaged status Withdrawn status
346.43 B47 1075683 Universidad Católica San Pablo 1 Disponible Disponible Víctor Andrés Belaunde Víctor Andrés Belaunde Primer piso 14/04/2026 Donación 14/04/2026   14/04/2026 Libro Bueno